Synovia obrátili otcovu firmu hore nohami

Rodinná firma Alfa Bio - slovenský líder vo výrobe tofu. Fakty o firme. Generačná výmena. Audit, ktorý odhalil slabé miesta a tiež potenciál na ďalší rozvoj. Od r. 2015 predaj výrobkov Alfa Bio pod značkou Lunter.

Salvato in:
Dettagli Bibliografici
Autore principale: Andacký, Jozef
Natura: Capitolo di libro
Lingua:slovacco
Soggetti:
Tags: Aggiungi Tag
Nessun Tag, puoi essere il primo ad aggiungerne!!

MARC

LEADER 00000naa a2200000 4500
001 0226093
005 20231113105843.9
041 0 |a slo 
044 |a SK 
245 1 0 |a Synovia obrátili otcovu firmu hore nohami  |c Jozef Andacký 
520 |a Rodinná firma Alfa Bio - slovenský líder vo výrobe tofu. Fakty o firme. Generačná výmena. Audit, ktorý odhalil slabé miesta a tiež potenciál na ďalší rozvoj. Od r. 2015 predaj výrobkov Alfa Bio pod značkou Lunter. 
610 2 0 |a podnik rodinný 
610 2 0 |a podnikanie rodinné 
610 2 0 |a manažment 
610 2 0 |a rady správne 
610 2 0 |a potraviny 
610 2 0 |a bioprodukty 
610 2 0 |a sója 
610 2 0 |a značky 
610 2 0 |a Slovensko 
100 1 |a Andacký, Jozef